000 00396nam a2200169Ia 4500
001 12322
005 20260306162933.0
008 260306t9999||||xx |||||||||||||| ||spa||
041 _aESP
082 _aHR 344
_bJUL 2025 AP
110 _aInstituto Pacífico
245 0 _aActualidad penal, Julio 2025 n° 133
300 _a
_c
650 _aGEN
654 _aCDE
942 _cREV
_dJUS
_fJUS
_2ddc
_n
999 _c12322
_d12322